00301nam a2200109Ia 4500008004100000245007700041260003200118260000900150300001000159500000900169650001300178170224s9999 xx 000 0 und d aEarly Ingestion of Peanuts May Be Effective in Reducing Peanut Allergies bAmerican Journal of Nursing c2016 a116:6 aJune xNursing.